Autobiografia di tutti /

সংরক্ষণ করুন:
গ্রন্থ-পঞ্জীর বিবরন
প্রধান লেখক: Stein, Gertrude (লেখক)
অন্যান্য লেখক: Pivano, Fernanda (সম্পাদক)
বিন্যাস: গ্রন্থ
ভাষা:ইতালিয়
প্রকাশিত: Milano : La tartaruga, stampa 1976
বিষয়গুলি:
ট্যাগগুলো: ট্যাগ যুক্ত করুন
কোনো ট্যাগ নেই, প্রথমজন হিসাবে ট্যাগ করুন!

MARC

LEADER 00000nam a22000007i 4500
001 IT\ICCU\TO0\0640578
003 ItRI
005 20260115232249.0
008 980904s1976 it |||||| ||||| |||||c
015 |2 IT  |a S8-1418 
040 |b ita  |c importazione bologna sebina 
041 7 |a ita  |2 ISO-639-2 
082 |a 818.5208  |9 SCRITTI MISCELLANEI AMERICANI IN LINGUA INGLESE, 1900-1945. SCRITTI IN PROSA.  |2 21 
100 1 |a Stein, Gertrude  |0 IT\ICCU\CFIV\060098  |4 aut 
240 1 0 |a Everybodyʼs autobiography  |3 IT\ICCU\URB\0344022  |9 Stein, Gertrude 
245 1 0 |a Autobiografia di tutti /  |c Gertrude Stein ; a cura di Fernanda Pivano. 
260 |a Milano :  |b La tartaruga,  |c stampa 1976 
300 |a 342 p. ;  |c 20 cm. 
650 7 |a Stein, Gertrude  |x Autobiografia  |2 scbi 
700 1 |a Pivano, Fernanda  |0 IT\ICCU\CFIV\037838  |4 edt 
942 |2 ddc  |c BK  |n 0 
952 |0 0  |1 0  |4 0  |6 L_814_520000000000000_STE  |7 0  |9 23230  |a BO  |b BO  |d 2026-01-15  |i 16335  |l 0  |o L 814.52 STE  |p BO16335  |r 2026-01-15 23:22:49  |w 2026-01-15  |x [Sebina 5] [1 v.]  |y BK  |z 1 v. 
999 |c 19808  |d 19808